Cấu trúc tiếng Pháp = Structures syntaxiques du Francais
Gorde:
| Egile nagusia: | |
|---|---|
| Formatua: | Liburua |
| Hizkuntza: | Undetermined |
| Argitaratua: |
Hà Nội
Giáo Dục
1998
|
| Gaiak: | |
| Etiketak: |
Etiketa erantsi
Etiketarik gabe, Izan zaitez lehena erregistro honi etiketa jartzen!
|
| Thư viện lưu trữ: | Trung tâm Học liệu Trường Đại học Cần Thơ |
|---|
| LEADER | 00587nam a2200181Ia 4500 | ||
|---|---|---|---|
| 001 | CTU_34318 | ||
| 008 | 210402s9999 xx 000 0 und d | ||
| 082 | |a 445 | ||
| 082 | |b Tr561/1998 | ||
| 100 | |a Phạm Quang Trường | ||
| 245 | 0 | |a Cấu trúc tiếng Pháp | |
| 245 | 0 | |b = Structures syntaxiques du Francais | |
| 245 | 0 | |c Phạm Quang Trường | |
| 260 | |a Hà Nội | ||
| 260 | |b Giáo Dục | ||
| 260 | |c 1998 | ||
| 650 | |a french language - study and teaching ( secondary ),french language - syntax | ||
| 980 | |a Trung tâm Học liệu Trường Đại học Cần Thơ | ||